000
00226 a2200109 4500
001
68588
040
_c
Anchieta - Itaigara
240
1
0
_a
Space Odyssey
_l
245
1
0
_a
Space Odyssey
650
4
_a
Ciências espaciais
942
_c
MX
999
_c
68588
_d
68588